Microeconomic theory / (Record no. 12007)
[ view plain ]
| 000 -LEADER | |
|---|---|
| fixed length control field | 00568cam a22002052 4500 |
| 001 - CONTROL NUMBER | |
| control field | 0000008609 |
| 005 - DATE AND TIME OF LATEST TRANSACTION | |
| control field | 20151217155216.0 |
| 008 - FIXED-LENGTH DATA ELEMENTS--GENERAL INFORMATION | |
| fixed length control field | 080505s xx 000 0 eng d |
| 020 ## - INTERNATIONAL STANDARD BOOK NUMBER | |
| International Standard Book Number | 818281071x : |
| Terms of availability | KES 1075 |
| 040 ## - CATALOGING SOURCE | |
| Original cataloging agency | KABU |
| Transcribing agency | KABU |
| 100 1# - MAIN ENTRY--PERSONAL NAME | |
| Personal name | Jhingan, M. L. |
| -- | 0000154929 |
| 245 10 - TITLE STATEMENT | |
| Title | Microeconomic theory / |
| Statement of responsibility, etc. | M. L. Jhingan. |
| 250 ## - EDITION STATEMENT | |
| Edition statement | 6th ed. |
| 260 ## - PUBLICATION, DISTRIBUTION, ETC. (IMPRINT) | |
| Place of publication, distribution, etc. | New Delhi : |
| Name of publisher, distributor, etc. | Vrinda, |
| Date of publication, distribution, etc. | 2007. |
| 300 ## - PHYSICAL DESCRIPTION | |
| Extent | xvi, 790 p. |
| 650 #0 - SUBJECT ADDED ENTRY--TOPICAL TERM | |
| Topical term or geographic name as entry element | Microeconomics. |
| -- | 0000149944 |
| 908 ## - PUT COMMAND PARAMETER (RLIN) | |
| Put command parameter | 080505 |
| 950 ## - LOCAL HOLDINGS (RLIN) | |
| -- | 1 |
| Withdrawn status | Lost status | Source of classification or shelving scheme | Not for loan | Home library | Current library | Date acquired | Total Checkouts | Total Renewals | Full call number | Barcode | Checked out | Date last seen | Date last checked out | Price effective from | Koha item type |
|---|---|---|---|---|---|---|---|---|---|---|---|---|---|---|---|
| Library of Congress Classification | Kabarak, Main Campus | Kabarak, Main Campus | 17/12/2015 | 16 | 1 | HB172 .J45 2007 | 008818 | 14/10/2024 | 27/09/2024 | 27/09/2024 | 17/12/2015 | General Collection |